Marvel Rivals Characters - Sudden Death - Statistics

General Stats
  • This quiz has been taken 720 times
    221 since last reset
  • The average score is 12 of 16
Answers on the Grid
Answers color-coded by a green-red scale on the quiz's grid according to % correct below.
Beast
Wolverine
Aquaman
Captain America
Human Torch
Captain Marvel
Magneto
Emma Frost
Spider-Woman
Nightcrawler
Spider-man
Venom
Scarlet Witch
Quicksilver
Ghost Rider
Knull
Superman
Doctor Strange
Storm
Iron Man
Iron Heart
Deadpool
Falcon
Thanos
Drax the Destroyer
Star-Lord
Jeff the Land Shark
Black Widow
Adam Warlock
Nick Fury
 
Answer Stats
Answer % Correct
Venom
81%
Wolverine
81%
Deadpool
80%
Iron Man
80%
Black Widow
78%
Doctor Strange
78%
Magneto
78%
Emma Frost
77%
Spider-man
77%
Storm
77%
Captain America
76%
Jeff the Land Shark
76%
Scarlet Witch
76%
Star-Lord
76%
Adam Warlock
74%
Human Torch
74%
No matching quizzes found
Score Distribution
Percent of People with Each Score
Percentile by Number Answered
Your Score History
You have not taken this quiz since the last reset